Business plan Δημόσιας Επιχείρησης Ηλεκτρισμού Δ.Ε.Η. Α.Ε. : πτυχιακή εργασία

Αποθηκεύτηκε σε:
Λεπτομέρειες βιβλιογραφικής εγγραφής
Κύριος συγγραφέας: Τριχάς, Αντώνιος
Συγγραφή απο Οργανισμό/Αρχή: Πανεπιστήμιο Αιγαίου Σχολή Επιστημών της Διοίκησης Τμήμα Διοίκησης Επιχειρήσεων - Τ.Δ.Ε
Άλλοι συγγραφείς: Λίτινας, Νικόλαος (Εισηγητής διατριβής), Δούνιας, Γεώργιος Δ. (Εισηγητής διατριβής)
Μορφή: Thesis Βιβλίο
Γλώσσα:Greek
Δημοσίευση: 2002
Θέματα:
Ετικέτες: Προσθήκη ετικέτας
Δεν υπάρχουν, Καταχωρήστε ετικέτα πρώτοι!

MARC

LEADER 00000cam a2200000 i 4500
001 1/31108
008 030128s2002 gre d
035 |l 10069099 
040 |a GR-MY-UA  |b gre  |e aacr 
041 0 |a gre 
082 0 |a 658.4012  |2 (22) 
100 1 |a Τριχάς, Αντώνιος. 
245 1 0 |a Business plan Δημόσιας Επιχείρησης Ηλεκτρισμού Δ.Ε.Η. Α.Ε. :  |b πτυχιακή εργασία /  |c Τριχάς Αντώνιος ; επιβλέποντες: Δούνιας Γεώργιος; Λίτινας Νικόλαος 
260 |c 2002 
300 |a 1τ. (ποικίλες σελιδαριθμήσεις);  |b διαγρ., πίν.;  |c 30 εκ. 
502 # # |a Πτυχιακή εργασία – Πανεπιστήμιο Αιγαίου, Χίος, 2002. 
610 2 0 |a Δημόσια Επιχείρηση Ηλεκτρισμού. 
610 2 0 |a Πανεπιστήμιο Αιγαίου. 
650 0 0 |a Business planning  |x Case studies. 
650 0 0 |a Strategic planning  |v Case studies. 
650 0 0 |a Dissertations, Academic  |z Greece. 
700 1 |a Λίτινας, Νικόλαος.  |4 ths 
700 1 |4 ths  |a Δούνιας, Γεώργιος Δ. 
710 1 |a Πανεπιστήμιο Αιγαίου  |b Σχολή Επιστημών της Διοίκησης  |b Τμήμα Διοίκησης Επιχειρήσεων - Τ.Δ.Ε. 
852 |a INST  |b CHIOS  |c DIATR  |e 20030128  |h 658.4012 ΤΡΙ  |p 005200013879  |q 005200013879  |t DIE  |y 23 
901 |a BIBL2-2003-1 
909 |a Χ  |b 100131 
924 |a ΤΡΙΧΑΣ  |b ΑΝΤΩΝΙΟΣ  |y ΧΙΟΣ  |z 2002-10 
970 |a ΧΑΖΙΡΗ  |b ΑΝΝΑ  |z 2003/01/28